000 04106cgm a2200829Ia 4500
003 data
005 20260322212048.0
007 data
008 data
020 _a0792863631
020 _a9780792863632
020 _a0792863658
020 _a9780792863656
024 1 _a027616914378
028 4 0 _a1007346
_bMGM Home Entertainment
040 _aTEFMT
_cTEFMT
_dOSS
_dOCLCQ
_dOCL
_dOCLCQ
_dUMC
_dVPI
_dASC
_dOCLCQ
_dKL8
_dOCLCA
_dZ88
_dBTCTA
_dSTF
_dSINAP
_dKZV
_dNRAMU
_dNLC
_dHALAN
_dOCLCA
_dOSS
041 1 _aspa
_afre
_aspa
_jspa
_jfre
_jspa
_heng
043 _an-us---
050 4 _aPN1997 .D278
_bW775 2004
099 _aDVD 937
245 1 0 _aDe-Lovely
_h[videorecording] /
_cIrwin Winkler ... [et al.].
250 _aWidescreen format (16:9); Special ed.
260 _aSanta Monica, California :
_bMGM Home Entertainment,
_cc2004.
300 _a1DVD videodisc (125 min.) : sd., col. ;
_b4 3/4 in.
_c4 3/4 in.
500 _aSpecial features: optional audio commentary by director Irwin Wnkler and Kevin Kline; optional audio commentary by director Irwin Winkler and writer Jay Cocks; "Making of De-Lovely" featurette (26 min.); "Music of De-Lovely" featurette (16 min.); "Anatomy of a scene: Be a clown" featurette (6 min.); "Anatomy of a scene: Love for sale" short (4 min.); deleted scenes (14 min.); original theatrical trailer (3 min.); soundtrack TV spot (1 min.)
506 _aRestricted: For teaching purposes only.
508 _aMusic & lyrics by Cole Porter ; music arranged and produced by Stephen Endelman ; director of photography, Tony Pierce-Roberts ; editor, Julie Monroe.
511 1 _aKevin Kline, Ashley Judd, Jonathan Pryce, Kevin McNally, Sandra Nelson, Allan Corduner, Peter Polycarpou, Keith Allen, James Wilby.
511 0 _aMusical performers: Robbie Williams, Lemar, Elvis Costello, Alanis Morrisette, John Barrowman, Caroline O'Connor, Sheryl Crow, Mick Hucknall, Diana Krall, Vivian Green, Lara Fabian, Mario Frangoulis, Natalie Cole.
520 _aA musical portrait of American composer Cole Porter. The film imagines Porter looking back on his life as a stage show, with past memories taking shape as numbers in an elaborate and elegant musical accompanied by his songs. His personal history is illustrated by these performances, especially the complicated relationship with his wife, wealthy socialite Linda Lee Porter, who is shown as being the main inspiration for his work despite his extramarital affairs.
521 8 _aMPAA rating: PG-13; for sexual content.
538 _aDVD, region 1; Dolby Digital 5.1 surround, stereo surround.
546 _aIn English, or dubbed French or dubbed Spanish, with optional English, French or Spanish subtitles.
546 _aClosed-captioned.
600 1 0 _aPorter, Cole,
_d1891-1964
_vDrama.
600 1 0 _aPorter, Cole,
_d1891-1964
_vTeatro.
_2bidex.
650 0 _aMusical films
_vDrama.
_zUnited States
650 0 _aHusband and wife
_vDrama.
650 0 _aCloseted gays
_vDrama.
650 0 _aCompositores (Música)
_vTeatro.
_zEstados Unidos
_2bidex.
650 0 _aMusicals
_vFeature.
_2migfg.
655 0 _aFeature films.
655 0 _aMusical films.
655 0 _aBiographical films.
655 0 _aFilms for the hearing impaired.
700 1 _aWinkler, Irwin.
700 1 _aCocks, Jay.
700 1 _aCowan, Rob.
700 1 _aWinkler, Charles.
700 1 _aPorter, Cole,
_d1891-1964.
700 1 _aKline, Kevin.
700 1 _aJudd, Ashley.
700 1 _aPryce, Jonathan.
700 1 _aMcNally, Kevin.
700 1 _aNelson, Sandra,
_d1962-
700 1 _aWilliams, Robbie.
700 1 _aLemar.
700 1 _aCostello, Elvis.
700 1 _aMorissette, Alanis.
700 1 _aBarrowman, John,
_d1968-
700 1 _aO'Connor, Caroline,
_d1962-
700 1 _aCrow, Sheryl.
700 1 _aHucknall, Mick.
700 1 _aKrall, Diana.
700 1 _aGreen, Vivian,
_cvocalist.
700 1 _aFabian, Lara,
_d1970-
700 1 _aFrangoulis, Mario.
700 1 _aCole, Natalie,
_d1950-
710 2 _aMetro-Goldwyn-Mayer Pictures.
710 2 _aMGM Home Entertainment Inc.
001 data
999 _c1141
_d1141